Transgression and conformity : Cuban writers and artists after the Revolution /

Bibliographic Details
Main Author: Howe, Linda S.
Format: Book
Language:English
Published: Madison, Wis. : University of Wisconsin Press, [2004]
Subjects:
Online Access:Table of contents

MARC

Tag First Indicator Second Indicator Subfields
LEADER 00000cam a22000004a 4500
001 in00001833021
005 20151026055125.0
008 030916s2004 wiu b s001 0 eng
010 |a  2003020571 
020 |a 0299197301 (cloth : alk. paper) 
035 |a (OCoLC)ocm53131233 
040 |a DLC  |c DLC  |d GZM  |d C#P  |d UtOrBLW 
042 |a pcc 
043 |a nwcu--- 
049 |a TXAM 
050 0 0 |a PQ7378  |b .H69 2004 
082 0 0 |a 860.9/97291/09045  |2 22 
100 1 |a Howe, Linda S. 
245 1 0 |a Transgression and conformity :  |b Cuban writers and artists after the Revolution /  |c Linda S. Howe. 
264 1 |a Madison, Wis. :  |b University of Wisconsin Press,  |c [2004] 
264 4 |c ©2004 
300 |a vii, 222 pages ;  |c 24 cm. 
336 |a text  |b txt  |2 rdacontent 
337 |a unmediated  |b n  |2 rdamedia 
338 |a volume  |b nc  |2 rdacarrier 
504 |a Includes bibliographical references (pages 199-212) and index. 
505 0 |a Aesthetic challenges : officials and iconoclasts in Post-revolutionary Cuban culture -- Art in Revolutionary Cuba : what price solidarity? -- Revolutionary politics, cultural production, and Afro-Cuban intellectuals : the elusive Afro-Cuban -- Nancy Morejón's precarious wings : "pure" poetry, revolutionary aesthetics, and fragile abstractions -- Miguel Barnet's creative oeuvres : religious iconography, revolutionary hagiography, and erotic jineteros. 
650 0 |a Cuban literature  |y 20th century  |x History and criticism. 
651 0 |a Cuba  |x Intellectual life  |y 20th century. 
651 0 |a Cuba  |x Cultural policy. 
650 0 |a Politics and culture  |z Cuba  |x History  |y 20th century. 
650 0 |a Arts, Black  |z Cuba. 
856 4 1 |3 Table of contents  |u http://www.loc.gov/catdir/toc/ecip049/2003020571.html  |t 0 
945 |i PromptCat 
948 |a cataloged  |b h  |c 2004/5/7  |d c  |e cmulkey  |f 9:48:29 am 
994 |a 92  |b TXA 
999 |a MARS 
999 f f |s ad8bbbbe-3944-3a93-9190-7f32254613da  |i ecbfd71e-9b90-325b-a04d-d3f4315a4747  |t 0 
952 f f |p noncirc  |a Texas A&M University  |b College Station  |c Cushing Memorial Library & Archives  |d Cushing: Area Studies/Africana (Does not check out)  |t 0  |e PQ7378 .H69 2004  |h Library of Congress classification  |i unmediated -- volume 
952 f f |p normal  |a Texas A&M University  |b College Station  |c Sterling C. Evans Library  |d Evans: Library Stacks  |t 0  |e PQ7378 .H69 2004  |h Library of Congress classification  |i unmediated -- volume  |m A14831178859 
998 f f |a PQ7378 .H69 2004  |t 0  |l Cushing: Area Studies/Africana (Does not check out) 
998 f f |a PQ7378 .H69 2004  |t 0  |l Evans: Library Stacks